|
|
|
|
| LEADER |
00000nam a2200000 a 4500 |
| 001 |
vtls001354267 |
| 003 |
SK-MaSNL |
| 005 |
20260302000151.0 |
| 008 |
240313s1998 xo a r slo |
| 015 |
|
|
|a SNBA1999/05-01903
|
| 020 |
|
|
|a 8088710251
|
| 035 |
|
|
|a SNK000307698
|
| 035 |
|
|
|a urn:nbn:sk:snk-amkiuc
|
| 035 |
|
|
|a urn:nbn:sk:snk-am003cyw
|
| 035 |
|
|
|a 4B117610-8460-40F1-A7EF-E772DA043591
|
| 040 |
|
|
|a SNK
|b slo
|c SNK
|e AACR2
|
| 041 |
0 |
|
|a slo
|
| 044 |
|
|
|a xo
|c SK
|
| 080 |
|
|
|a 793.4(087.5)(035)
|2 1981
|
| 100 |
1 |
|
|a Kňazeová, Katarína
|4 aut
|9 458496
|
| 245 |
1 |
0 |
|a Život s radosťou
|b súhrnný zborník rôznych hier
|c [spracovala: Katarína Kňazeová]
|
| 260 |
|
|
|a Bratislava
|b eRko - Hnutie kresťanských spoločenstiev detí
|c 1998
|
| 300 |
|
|
|a 40 s.
|b ilustr.
|c 21 cm
|
| 500 |
|
|
|a Obalový názov
|
| 500 |
|
|
|a Údaj o sprac. prevzatý z tiráže
|
| 650 |
0 |
7 |
|a hry spoločenské
|x príručky
|2 SNK
|9 291901
|
| 655 |
|
7 |
|a príručky
|2 SNK
|9 74364
|
| 919 |
|
|
|a 80-88710-25-1
|
| 958 |
|
|
|a TL
|
| 958 |
|
|
|a BQ
|
| 999 |
|
|
|c 978352
|d 980282
|
| 952 |
|
|
|t P60, <03>, [BOOK], {603}
|a SNK
|b SNK
|y PREZ
|7 0
|p 17A0181970
|o snkSC 97803
|i snkKSP 1346/99
|0 0
|1 0
|4 0
|d 1999-02-10
|f 1
|l 0
|r 2025-09-17 00:00:00
|w 2026-02-24
|
| 952 |
|
|
|t P60, <04>, [BOOK], {604}
|a SNK
|b SNK
|y VYP
|7 0
|p 17A0181969
|o snkSC 97803 D1
|i snkKSP 1347/99
|0 0
|1 0
|4 0
|d 1999-02-10
|l 0
|r 2005-01-02 00:00:00
|w 2026-02-24
|